000 00350nam a2200133Ia 4500
005 20260328104337.0
008 260328s9999||||xx |||||||||||||| ||und||
100 _ade Graaf, Reinier
245 0 _aArchitect, verb :
_b The new language of Building /
_cReinier de Graaf
260 _bVerso
300 _a266 p.
650 _aARQUITECTURA
942 _cBK
999 _c11939
_d11939